|
|
|
|
| LEADER |
00000nkm a2200000 a 4500 |
| 001 |
vtls011567602 |
| 003 |
SK-MaSNL |
| 005 |
20260512122140.0 |
| 007 |
kp bo |
| 008 |
231214q1905 xo g kuslo |
| 015 |
|
|
|a SNBG
|
| 035 |
|
|
|a urn:nbn:sk:snk-km00bl89
|
| 035 |
|
|
|a urn:nbn:sk:snk-km3lnsg
|
| 035 |
|
|
|a 2997E08F-3675-45DC-B191-9CF906955180
|
| 040 |
|
|
|a SNK
|b slo
|c SNK
|e AACR2
|
| 041 |
0 |
|
|a slo
|
| 043 |
|
|
|a e-xo---
|
| 044 |
|
|
|a xo
|c SK
|
| 080 |
|
|
|a (234.372.4)
|2 2011
|
| 080 |
|
|
|a (437.6)
|2 2011
|
| 080 |
|
|
|a (084.121)
|2 2011
|
| 080 |
|
|
|a 551.24.055(234.372.4)
|2 2011
|
| 080 |
|
|
|a 908(437.6)
|2 2011
|
| 245 |
0 |
0 |
|a [Malá Fatra]
|h grafika
|
| 260 |
|
|
|a [Slovensko?]
|b [vydavateľ neznámy]
|c [medzi 1905 a 1973?]
|
| 300 |
|
|
|a 1 pohľadnica
|b čiernobiela
|c 9 x 14 cm
|
| 651 |
|
7 |
|a Malá Fatra (Slovensko : pohorie)
|2 SNKPH
|9 56372
|
| 655 |
|
7 |
|a geografické pohľadnice
|2 SNKPH
|9 70522
|
| 852 |
|
|
|a Slovenská národná knižnica
|
| 958 |
|
|
|a GBN
|
| 958 |
|
|
|a OND
|
| 958 |
|
|
|a GC
|
| 958 |
|
|
|a EUIPO
|
| 999 |
|
|
|c 588192
|d 590122
|
| 952 |
|
|
|a SNK
|b SNK
|y PREZ
|7 0
|p 17A1195259
|o snkSP 7695
|0 0
|1 0
|4 0
|d 2016-07-15
|f 1
|l 0
|r 2026-02-23 15:15:33
|w 2026-02-23
|